Marketing strategy functions

Đã lưu trong:
Bibliografiske detaljer
Hovedforfatter: Eugene J Kelley
Format: Bog
Sprog:Undetermined
Udgivet: New Jersey Prentice-Hall 1965
Fag:
Tags: Tilføj Tag
Ingen Tags, Vær først til at tagge denne postø!
Thư viện lưu trữ: Trung tâm Học liệu Trường Đại học Cần Thơ
LEADER 00439nam a2200169Ia 4500
001 CTU_17607
008 210402s9999 xx 000 0 und d
082 |a 380.1 
082 |b K24 
100 |a Eugene J Kelley 
245 0 |a Marketing strategy functions 
245 0 |c Eugene J Kelley 
260 |a New Jersey 
260 |b Prentice-Hall 
260 |c 1965 
650 |a marketing 
980 |a Trung tâm Học liệu Trường Đại học Cần Thơ